| 000 | 00537nam a2200193Ia 4500 | ||
|---|---|---|---|
| 005 | 20250423095644.0 | ||
| 008 | 250422s9999 xx 000 0 und d | ||
| 020 | _a0-451-16309-5 | ||
| 050 | _aGV 1243 .M62/ | ||
| 100 | _aMorehead, Albert H. (Albert Hodges), 1909-1966, ed. | ||
| 245 | 0 | _aHoyle’s rules of games; descriptions of indoor games of skill and chance, | |
| 250 | _a2nd ed. | ||
| 260 | _aNew York | ||
| 260 | _bA Signet Book | ||
| 260 | _c1983 | ||
| 300 | _a264 p | ||
| 650 | _aHoyle's Rules Of Games | ||
| 942 | _cBK | ||
| 999 |
_c30933 _d30933 |
||